00459nam a2200157Ia 4500008004100000020001400041082001900055100002000074245007800094250000700172260003900179300002400218500001900242600002000261650002000281240925s9999 xx 000 0 und d a934540233 a324.780973 MAL aNot - Available 0aMoney and Politics in the United States: financing Elections in the 1980s aNA aNew Jersey:bChatham Housec,1984. a271p.bNAfOriginal aIncludes Index aSocial Sciences aSocial Sciences